Biokompozitné lignocelulózové materiály - modifikácia buničinových vlákien glejivami bakalársk práca

Uložené v:
Podrobná bibliografia
Hlavný autor: Nemeš, Martin
Médium: Kniha
Jazyk:Slovak
Vydavateľské údaje: Bratislava STU FCHPT 2017
On-line prístup:View in OPAC
Tagy: Pridať tag
Žiadne tagy, Buďte prvý, kto otaguje tento záznam!

MARC

LEADER 00000nam a2200000 a 4500
005 20260127134421.0
008 171208 2017 xo 001 0 slo d
035 |a vtls011726435 
039 9 |y 201712081058  |z mschk03 
040 |a STUSCHK1  |b slo  |c STUSCHK1  |e AACR2 
100 1 |a Nemeš, Martin 
245 1 |a Biokompozitné lignocelulózové materiály - modifikácia buničinových vlákien glejivami  |b bakalársk práca  |c Martiš Nemeš 
260 |a Bratislava  |b STU FCHPT  |c 2017 
300 |a 65 s.  |b il.  |c 25 cm 
500 |a Študijný program: chémia, medicínska chémia a chemické materiály 
500 |a Študijný odbor: chémia, chemické materiály 
500 |a Školiace pracovisko: Oddelenie dreva, celulózy a papiera 
500 |a Evid. číslo: FCHPT- 13569-61261 
910 |a SCHK95 
999 |c 12285  |d 12285